| 000 | 00803nmm a2200265 a 4500 | ||
|---|---|---|---|
| 001 | ocm0001083792 | ||
| 003 | TR-IsHL | ||
| 005 | 20201028151748.0 | ||
| 008 | 150709s2014 tu tur | ||
| 007 | cr cn | ||
| 020 | _a9786059057028 | ||
| 035 |
_a1083792 _b(N$T) |
||
| 050 | 0 | 4 |
_aPL248.S853 _bA75 2014 |
| 090 | 0 | 4 |
_aPL248.S853 _bA75 2014 |
| 100 | 1 | _aSütçü, Murat | |
| 245 | 1 | 0 |
_aAşk'a rabıta _h[electronic resource] / _cMurat Sütçü |
| 260 |
_aİstanbul : _bMola Kitap, _c2014 |
||
| 300 | _a176 p. | ||
| 650 | 4 | _aDil ve Edebiyat | |
| 650 | 4 | _aLanguage and Literature | |
| 650 | 0 | _aTürk şiiri | |
| 650 | 0 | _aTurkish poetry | |
| 650 | 7 |
_aPOETRY / Middle Eastern _2bisacsh |
|
| 856 | 4 | 0 | _uhttp://search.ebscohost.com/login.aspx?direct=true&scope=site&db=e011xww&AN=1083792 |
| 999 |
_c11176 _d11176 |
||